[Event "NED-ch52"]
[Site "Rotterdam"]
[Date "1997.06.29"]
[Round "7"]
[White "Nikolic, Predrag"]
[Black "Cifuentes Parada, Roberto"]
[Result "1-0"]
[WhiteElo "2655"]
[BlackElo "2515"]
[Annotator "Ribli,Z"]
[PlyCount "131"]
[EventDate "1997.06.21"]
[EventType "tourn"]
[EventRounds "11"]
[EventCountry "NED"]
[EventCategory "12"]
[SourceTitle "CBM 060"]
[Source "ChessBase"]
[SourceDate "1997.09.29"]
[SourceVersion "1"]
[SourceVersionDate "1997.09.29"]
[SourceQuality "1"]

1. c4 Nf6 2. Nf3 e6 3. g3 d5 4. b3 c6 (4... a5 $5) 5. Bg2 a5 {[%cal Ra5a3] Ein
interassanter Versuch, den weißen Damenflügel zu provozieren.} 6. O-O (6. Ba3
Bxa3 (6... Nbd7 7. Bxf8 Nxf8 8. d4 Ng6 9. Nbd2 O-O 10. Qc2 Qe7 11. Qb2 b5 12.
O-O bxc4 13. bxc4 Ba6 14. Rfc1 Rfb8 15. Qc2 Nd7 16. e3 Rc8 17. Rab1 {Vilela,
J-Remon,A/Capablanca mem-B 1991/1-0 (68)}) 7. Nxa3 Qd6 8. Nc2 O-O 9. d4 Nbd7
10. c5 Qc7 11. O-O e5 12. e3 Re8 13. a3 e4 14. Nd2 Nf8 15. h3 Ne6 16. Kh2 h5 {
0-1 Guzkowska,M-Aleksieva,S/WchJW-U20 Matinhos 1994 (39)}) (6. Nc3 b6 (6... d4
$5 {Mit diesem Zug haben wir eine "Benoni-Stellung". Nach meiner Meinung steht
Schwarz nicht schlechter.}) 7. O-O Bb7 8. cxd5 exd5 9. e3 Nbd7 10. Qc2 Be7 11.
Nd4 O-O 12. Nf5 Re8 13. Nxe7+ Qxe7 14. Bb2 Ba6 15. Rfd1 Qe6 16. d3 Ne5 17. Na4
Rab8 {1-0 Mohr,G-Estremera Panos,S/Cordoba op 1991 (26)}) (6. Na3 Bd6 7. Bb2
Qe7 8. Qc1 O-O 9. O-O Na6 10. Ne5 Bd7 11. d4 Rfc8 12. c5 Bc7 13. Qg5 Qd8 14.
Rac1 Nb4 15. Ra1 Be8 16. Qe3 b6 {0-1 Contin,D-Fernandes,A/Lisboa zt 1993 (44)})
(6. a3 Bd6 7. O-O Nbd7 8. Bb2 Qb6 9. d3 O-O 10. Nbd2 e5 11. e3 Re8 12. Qc2 Qd8
13. Bc3 Qe7 14. Qb2 Nf8 {1-0 Anastasian,A-Zaja,I/Candas op 1996 (34)}) 6... a4
7. Bb2 {Mit diesem Zug provoziert Weiß den schwarzen Bauern, mit Tempogewinn
a4-a3 ziehen. Danach hätte sich die Situation auf der a-Linie geklärt.} (7. Na3
Bd6 (7... Be7 8. Bb2 O-O 9. d4 b6 10. Ne5 Bb7 11. Qc1 axb3 (11... Na6 $5) 12.
axb3 Na6 {1/2-1/2 Agdestein,S-Nogueiras,J/Biel (izt) 1993 (35)}) 8. d4 $5 axb3
9. axb3 b6 10. Bb2 Bb7 11. Nc2 Na6 12. Nd2 O-O 13. e4 dxe4 14. Nxe4 Nxe4 15.
Bxe4 Qc7 16. Qh5 g6 17. Qe2 e5 18. Rae1 exd4 19. Nxd4 Rae8 20. Qf3 $16 {
Gurevich,M-Bareev,E/Groningen PCA 1993}) (7. cxd5 exd5 (7... axb3 8. Qxb3 (8.
dxe6 Bxe6 (8... Rxa2 9. exf7+ Kxf7 (9... Kd7 10. Rxa2 bxa2 11. Bb2 axb1=Q 12.
Qxb1 $44 {[%csl Rd7]}) 10. Qxb3+ Be6 11. Ng5+ $18)) 8... exd5 $11) 8. bxa4 Nbd7
$44 {[%csl Ra4][%cal Gd7b6,Gd7c5,Gb6a4,Gc5a4] Der weiße Mehrbauer ist kaum zu
halten.}) 7... a3 8. Bc1 $5 (8. Bc3 b5 9. Bxf6 Qxf6 10. d4 Nd7 11. Nbd2 Bb4 12.
e4 O-O $13 {Landa,K-Rodin,M/RUS-chT Azov 1996/}) 8... b5 9. d4 Be7 (9... bxc4
10. bxc4 dxc4 11. Ne5 {Schwarz hat viele Bauernschwächen und großen Nachteil
in der Entwicklung.}) 10. c5 {[%csl Ra3]} b4 11. Ne1 {Der weiße Plan ist klar.
Er will Nd3 und Nd2 spielen, und dann e2-e4 ziehen.} Na6 12. Nd2 $13 {Die
Stellung am Damenflügel ist geschlossen. Weiß möchte nach Vorbereitung mit
e2-e4 "sprengen".} (12. Nd3) 12... e5 {GM Cifuentes spielt immer aktiv. Eine
interessante Frage lautet: Wie kann Weiß vorwärts kommen, wenn Schwarz diesen
Zug vermeidet und die Stellung nur hält.} (12... O-O $5 13. e4 dxe4 14. Nxe4
Nxc5 (14... Nxe4 15. Bxe4 Nxc5 16. Bxc6 (16. Bxh7+ $2 Kxh7 17. Qc2+ Kg8 18.
dxc5 Ba6 $17) 16... Bb7 17. Bxb7 Nxb7 {[%csl Rd4,Gd5]}) 15. Nxf6+ Bxf6 16. Be3
$13) 13. dxe5 Nd7 14. e4 $1 Ndxc5 (14... d4 15. Ndf3 Bxc5 16. Nxd4 Nxe5 17.
Nec2 $14) 15. exd5 cxd5 16. Ndf3 Ne4 17. Nd4 $14 {[%csl Rc3,Gd4] Weiß hat die
Bauernmehrheit am Königsflügel, und der Springer steht besonders gut auf d4.
Am Damenflügel hat Schwarz Raumvorteil, aber der Bauer auf b4 kann schwach
werden.} Nc3 18. Qh5 {[%csl Gc3,Gd4]} Qb6 19. Be3 Bc5 20. Nef3 (20. Nec2 {
Mit diesem Zug kann Weiß das Feld d4 auch halten, aber der Textzug ist aktiver
und der Springer auf f3 hat Möglichkeiten am Königsflügel.}) 20... O-O 21. Rfe1
{[%cal Ge1e8] Ein guter Vorbereitungszug. Er verhindert das eventuell mögliche
schwarze Springerschach auf e2, und der Turm steht gut auf die e-Linie.} Bd7 (
21... Nc7 $5 {Nach meiner Meinung wäre es logisch so spielen, denn der
Springer steht schlecht auf a6. Auf c7 kontrolliert er den Punkt e6.}) {[#]}
22. e6 $1 fxe6 (22... Bxe6 23. Ng5 h6 24. Ngxe6 fxe6 25. Nxe6 {Das fuehrt zur
Partiefortsetzung.Ribli.}) 23. Ng5 h6 24. Ngxe6 Bxe6 25. Nxe6 Qxe6 (25... Bxe3
26. Rxe3 d4 27. Qg4 {[%cal Rg4g7,Rg4d4]} Ra7 (27... Rf7 28. Rxc3 dxc3 29. Bxa8
Qxf2+ 30. Kh1 $18) 28. Nxd4 $16) 26. Bxc5 Qf7 (26... Qf5 27. Qxf5 Rxf5 28. Bd4
$14) 27. Qxf7+ Rxf7 28. Bd4 {Weiß hat zwei Läufer auf der großen Diagonalen,
und die schwarze Bauer d5 und b4 sind schwach. Aber Weiß muß vorsichtig sein.
Mit zwei Springern gibt es viele taktische Möglichkeiten, und der schwarze
a3-Bauer ist gefährlich.} Rd8 29. Re3 Nc7 (29... Nb5 30. Rd1 (30. Bb6 Rd6 (
30... Rb8 $2 31. Bxd5 Rxb6 32. Re8+ $18))) 30. Bf1 $5 {Weiß lehnt den
möglichen Bauerngewinn ab und verbessert seine Stellung.} (30. Bxc3 d4 31. Bxd4
Rxd4 {Weiß hat einen Bauern mehr, aber diese Mehrheit am Königsflügel ist
immer schwer zu verwerten. Der schwarze Turm ist aktiv auf der d-Linie.}) 30...
Re8 31. Bc5 {[%csl Rb4,Gc5]} Rxe3 32. fxe3 {Weiß schwächt seine Bauernstruktur
am Königsflügel, aber er gewinnt den wichtigen b4-Bauern, wonach der a3-Bauer
schwach wird.} N7b5 33. Bxb4 (33. Bxb5 {Es ist nicht logisch, freiwillig der
Läuferpaar aufzugeben.} Nxb5 34. Bxb4 Rc7 35. Rf1 Rc2 36. Rf2 Rb2) 33... Rf3 {
Ein scheinbar aktiver Zug, aber in Wirklichkeit hat Schwarz kein Gegenspiel.}
34. Bc5 {[%csl Ra3,Rd5]} Kf7 35. Kg2 {Weiß geht schrittweise vor.} Rf6 36. Bd3
{[%csl Ra3,Rb5,Rc3,Gc5,Gd3]} Ne4 37. Bb4 (37. Bxb5 Nxc5) 37... Nec3 38. g4 {
Weiß gewint Raum am Königsflügel. Schwarz kann nur warten.} Ke6 39. Bxb5 $1 {
Das ist der beste Moment für den Tausch. In den folgenden Zügen schränkt Weiß
die Aktivität des Springers ein.} Nxb5 40. Rc1 {[%csl Rb5][%cal Gc1c8]} Ke5 41.
Rc5 Rb6 42. Kf3 Rb7 (42... Rf6+ 43. Ke2 Rb6 44. Kd3) 43. h3 Ke6 44. Rc6+ Ke5 (
44... Kd7 45. Rg6 $16) 45. Ke2 d4 46. Kd3 dxe3 47. Kxe3 $16 {Schwarz hat alle
seine Bauern auf schwarzen Feldern, besonders der a3-Bauer ist schwach. Der
weiße Turm und der weiße Läufer sind beweglicher als die schwarze Figuren.} Kd5
48. Rg6 {[%csl Rg7]} Rc7 49. Kd3 Rf7 50. Ke3 Rc7 (50... Rb7 51. Bf8 {[%csl Rg7]
}) 51. Rb6 Nc3 52. Bxa3 Nxa2 {[%csl Ra2] In der ganzen Partie hat Schwarz
Probleme mit dem Springer.} 53. Rd6+ Ke5 54. Rd3 Rc2 (54... Nc1 $2 55. Bd6+ $18
) 55. Bf8 Nc1 56. Bxg7+ Ke6 57. Rd2 $1 {Sehr präzise gespielt.Weiß erlaubt
keine Gegenchancen.} (57. Rc3 $2 Rxc3+ 58. Bxc3 Nxb3 59. Kf4 Kf7 $11) 57... Rc7
(57... Rxd2 58. Kxd2 Nxb3+ 59. Kc2 $1 (59. Kc3 $2 Nc5 60. Bxh6 Ne4+ 61. Kd4 Nf2
$11) 59... Nc5 60. Bxh6 Ne4 61. Be3 $18 {Die Aktivität des Springers ist
völlig beschränkt, und Weiß gewinnt leicht.}) 58. Rd1 $1 (58. Bxh6 $1 Rc3+ 59.
Kf4 Rxh3) 58... Nxb3 (58... h5 $5 59. gxh5 $6 Rxg7 60. Rxc1 Rg3+ 61. Kf4 Rxb3)
59. Bxh6 $18 {Mit zwei verbundenen Freibauern steht Weiß auf Gewinn.} Rh7 60.
g5 Nc5 61. Kf4 Rf7+ 62. Kg4 Ne4 63. Re1 Ke5 64. g6 Rf2 65. g7 Rg2+ 66. Kh5 {
Und Schwarz gab in dieser hoffnungslosen Stellung auf.} (66. Kh5 Kf5 67. Rxe4
Kxe4 68. Bg5) 1-0

[Event "Brno Morava-B"]
[Site "Brno"]
[Date "1991.??.??"]
[Round "8"]
[White "Stangl, Markus"]
[Black "Aseev, Konstantin N"]
[Result "1/2-1/2"]
[WhiteElo "2490"]
[BlackElo "2525"]
[Annotator "Ribli,Z"]
[PlyCount "66"]
[EventDate "1991.09.??"]
[EventType "tourn"]
[EventRounds "11"]
[EventCountry "CZE"]
[EventCategory "10"]
[SourceTitle "CBM 026"]
[Source "ChessBase"]
[SourceDate "1992.02.01"]
[SourceVersion "1"]
[SourceVersionDate "1992.02.01"]
[SourceQuality "1"]

1. Nf3 Nf6 2. c4 e6 3. g3 a6 4. Bg2 b5 5. b3 Bb7 $6 (5... c5 $5) 6. Nc3 b4 7.
Na4 Be7 8. O-O O-O 9. d4 a5 (9... Be4 $6 10. Nh4 Bxg2 11. Nxg2 d6 12. a3 bxa3
13. Bxa3 c6 14. Nf4 Nbd7 15. Qc2 Nb6 16. Bb4 $14 {Ribli,Z-Speelman,J Belfort
1988 45/9 CBM/8}) (9... d6 10. Be3 $5 (10. Bb2 Nbd7 11. a3 $1 bxa3 12. Bxa3 Ra7
13. Ra2 Qa8 14. Qa1 Ne4 15. Rd1 $14 {Stangl,M-Galliamova,A Oakham 1990 EXP/16})
10... Nbd7 11. Rc1 Nb6 12. Nxb6 cxb6 13. Ne1 Bxg2 14. Nxg2 d5 15. Qd3 $14 {
Vaganian,R-Tolnai,T Saint John op II 45/8 CBM/6}) 10. Bb2 d6 11. Rc1 Nbd7 12.
Ne1 Bxg2 13. Nxg2 c5 14. Ne3 Qc7 15. Qd3 (15. d5 $5) 15... cxd4 16. Bxd4 Nc5
17. Bxc5 dxc5 18. Rfd1 Qc6 19. Nf1 Rad8 20. Qc2 h5 21. Rxd8 Rxd8 22. Rd1 Rxd1
23. Qxd1 h4 24. Qd3 hxg3 25. hxg3 Ng4 26. Nd2 f5 27. Nf3 Bf6 28. Qd2 Kh7 29.
Qf4 Kg6 30. Nh4+ Kf7 31. Nf3 Kg6 32. Nh4+ Kf7 33. Nf3 Kg6 1/2-1/2

[Event "Brno Morava-B"]
[Site "Brno"]
[Date "1991.??.??"]
[Round "10"]
[White "Schlosser, Philipp"]
[Black "Aseev, Konstantin N"]
[Result "0-1"]
[WhiteElo "2485"]
[BlackElo "2525"]
[Annotator "Ribli,Z"]
[PlyCount "114"]
[EventDate "1991.09.??"]
[EventType "tourn"]
[EventRounds "11"]
[EventCountry "CZE"]
[EventCategory "10"]
[SourceTitle "CBM 026"]
[Source "ChessBase"]
[SourceDate "1992.02.01"]
[SourceVersion "1"]
[SourceVersionDate "1992.02.01"]
[SourceQuality "1"]

1. Nf3 Nf6 2. c4 e6 3. g3 a6 4. b3 c5 5. Bg2 b5 6. O-O Bb7 7. Nc3 Qb6 8. e3 Be7
9. Qe2 (9. d4 $5 Ne4 10. Bb2 O-O 11. dxc5 Bxc5 12. Qc2 Nxc3 13. Qxc3 $14 {
Ribli,Z-Kindermann,S Munich 1988 CBM/7 45/10}) 9... Ne4 (9... O-O 10. Rd1 $6
Bc6 11. d4 b4 12. Na4 Bxa4 13. bxa4 cxd4 14. exd4 Nc6 15. d5 Na5 16. Bb2 Rac8
17. Rac1 Nb7 $13 {Stangl,M-Fauland,A Altensteig 1991 CBM/25}) 10. Nxe4 Bxe4 11.
Bb2 (11. d3 $5 Bb7 12. Bb2 O-O 13. Rfd1 d6 14. d4 Nd7 15. d5 exd5 16. cxd5 Bf6
17. Nh4 $14 {Espig,L-Luther,T DDR-ch Zittau 1989 CBM/12}) 11... bxc4 12. Qxc4
Qb7 13. Ne1 Bxg2 14. Nxg2 O-O 15. Qg4 f6 16. Rad1 (16. d4 $5 cxd4 17. exd4 $14)
16... Nc6 17. d4 cxd4 18. exd4 Nb4 $1 19. Ba3 a5 20. Nf4 Rf7 21. Bxb4 Bxb4 22.
d5 e5 23. Nd3 Bc3 24. Nc1 Bd4 25. Ne2 Bc5 26. Qe4 d6 $17 27. Rc1 f5 28. Qd3 a4
29. Rb1 axb3 30. axb3 Qb4 31. Nc3 e4 32. Qc4 Qxc4 33. bxc4 Ra3 34. Ne2 g5 35.
Rfd1 Ra2 36. Nd4 h6 37. Rb8+ Kh7 38. Rc8 Kg6 39. Rxc5 dxc5 40. Ne6 Ra5 41. Rb1
Kf6 42. Rb6 Ke5 43. Nd8 Rf6 44. Nc6+ Rxc6 45. dxc6 Ra8 46. c7 Rc8 47. Rxh6 Rxc7
48. Kg2 f4 49. g4 Kd4 50. Rg6 Kxc4 51. Rxg5 Kd3 52. Kf1 f3 53. Ke1 c4 54. h4 c3
55. Rd5+ Kc2 56. h5 Rb7 57. Rd1 Rb1 0-1

[Event "Brno Morava-B"]
[Site "Brno"]
[Date "1991.??.??"]
[Round "7"]
[White "Schlosser, Philipp"]
[Black "Polgar, Sofia"]
[Result "1-0"]
[WhiteElo "2485"]
[BlackElo "2430"]
[Annotator "Ribli,Z"]
[PlyCount "51"]
[EventDate "1991.09.??"]
[EventType "tourn"]
[EventRounds "11"]
[EventCountry "CZE"]
[EventCategory "10"]
[SourceTitle "CBM 026"]
[Source "ChessBase"]
[SourceDate "1992.02.01"]
[SourceVersion "1"]
[SourceVersionDate "1992.02.01"]
[SourceQuality "1"]

1. c4 e6 2. g3 d5 3. Bg2 dxc4 4. Qa4+ Nd7 5. Qxc4 Ngf6 6. Nf3 c5 7. Qb3 Bd6 8.
d3 Rb8 9. Nc3 a6 10. O-O (10. a4 $5 b6 11. Ng5 Bb7 12. Bxb7 Rxb7 13. O-O h6 14.
Nge4 Be7 15. Rd1 O-O 16. Bf4 $14 {Krasenkov,M-Kiselev,S Belgorod 1990 EXP/17})
(10. Bg5 $5 b6 11. Ne4 Bc7 12. d4 h6 13. Nxf6+ Nxf6 14. Be3 Nd5 15. Bd2 O-O 16.
Rc1 Qe7 17. O-O Bb7 18. dxc5 bxc5 19. Qc2 Bb6 20. Ne5 $14 {Sorokin,M-Novikov,I
Belgorod 1991 EXP/23}) 10... O-O (10... b5 11. Ng5 Qb6 12. Nce4 Nxe4 (12... O-O
$5 13. Nxd6 Qxd6 14. Bf4 e5 15. Be3 Bb7 16. Bxb7 Rxb7 17. Rfc1 h6 18. Ne4 Nxe4
19. dxe4 c4 20. Rxc4 bxc4 21. Qxb7 Rb8 22. Qd5 Qxd5 23. exd5 Rxb2 $17 {
Sigfusson,S-Arnason,J Reykjavik 1989 CBM/13}) 13. Nxe4 O-O 14. Nxd6 (14. Be3
Bb7 15. Rfc1 Rfc8 16. Nxd6 Qxd6 17. Bxb7 Rxb7 18. Rc2 h5 19. h4 Qd5 20. Rac1
Rbc7 $10 {Romanishin-Lputjan Irkutsk 1986 42/12}) 14... Qxd6 15. a4 Bb7 16.
Bxb7 Rxb7 17. axb5 axb5 18. Bf4 Qc6 19. Rfc1 h5 20. Qc3 Rc8 21. Ra5 Qb6 22. Qa3
Qc6 23. Be3 Qd5 24. Ra6 Rbc7 25. Bf4 e5 26. Be3 Rc6 27. Ra8 $14 {Stangl,
M-Marciano,D Wildbad 1990 EXP/20}) 11. Ng5 Qe7 (11... Bc7 12. Nge4 b6 13. Rd1
$1 Nxe4 14. Nxe4 Bb7 15. d4 Bd5 16. Qc2 cxd4 17. Ng5 $1 Nf6 18. Bxd5 exd5 19.
Nf3 $16 {Dizdarevic-Petrosjan,A Sarajevo 1986 41/9}) 12. Nge4 Bc7 13. Rd1 $1 b6
14. d4 cxd4 15. Rxd4 Nc5 16. Qa3 $1 $14 Nfxe4 17. Nxe4 Bb7 18. Nxc5 Bxg2 $2 (
18... Qxc5 19. Qxc5 bxc5 20. Rc4 $16) 19. Nd7 $1 Qxa3 20. bxa3 Rbd8 21. Bb2 e5
22. Rdd1 Bh3 23. Nxf8 Rxd1+ 24. Rxd1 Kxf8 25. Rc1 Bd6 26. Rc6 1-0

[Event "Belgrade GMA op"]
[Site "Belgrade"]
[Date "1988.??.??"]
[Round "?"]
[White "Taimanov, Mark E"]
[Black "Kaidanov, Gregory S"]
[Result "0-1"]
[WhiteElo "2480"]
[BlackElo "2535"]
[Annotator "Rogers,I"]
[PlyCount "44"]
[EventDate "1988.12.??"]
[EventType "swiss"]
[EventRounds "9"]
[EventCountry "YUG"]
[SourceTitle "CBM 010"]
[Source "ChessBase"]
[SourceDate "1989.06.01"]
[SourceVersion "1"]
[SourceVersionDate "1989.06.01"]
[SourceQuality "1"]

1. Nf3 d5 2. b3 Nf6 3. Bb2 e6 4. c4 c5 5. e3 Nc6 6. cxd5 exd5 7. Bb5 Bd6 8. Ne5
$6 O-O $1 9. Nxc6 bxc6 10. Be2 {Since move six White's play has centred around
the attack against c6, yet now White refrains from capturing the pawn on that
square and hands the initiative to Black.} ({Admittedly Black would gain
excellent compensation for the pawn after} 10. Bxc6 Rb8 11. Ba4 {but Taimanov
should have considered this before venturing 8.Ne5.} (11. O-O $6 Bxh2+)) 10...
Re8 11. O-O Rb8 12. d3 Rb4 $5 13. Nd2 $2 ({White is understandably unwilling
to lock in his Bb2 with the anti-positional} 13. d4 {[mhb: However, after this
move,] the rook on b4 is somewhat misplaced and Black may have nothing better
than} cxd4 14. exd4 (14. Bxd4 c5) 14... Rb7 {planning to double on the e-file
with a slight advantage.}) 13... Rh4 14. g3 ({Weakening, of course, but} 14.
Nf3 {here or next move is answered by} Rh6 {leaving all Black's pieces
menacingly placed.}) 14... Ng4 $1 15. Bxg4 (15. gxh4 {loses to} Qxh4 16. Nf3
Qh3 $1 {and mates soon.}) 15... Bxg4 {Taimanov has espied an ingenious 18th
move which he hopes will win material but Kaidanov has seen further.} 16. f3 ({
In any case} 16. Qc2 Rxh2 $1 17. Kxh2 Qh4+ 18. Kg1 Bxg3 19. fxg3 Qxg3+ 20. Kh1
Re6 {offers no hope at all for White.}) 16... Rxh2 $1 17. fxg4 ({On} 17. Kxh2
Qh4+ {mates immediately.}) 17... Rxe3 $1 18. Bf6 $1 {White had pinned his
hopes on this move. Kaidanov's reply must have come as a terrible shock.} Rh3
$3 ({White calculated that after} 18... gxf6 19. Kxh2 Rxg3 20. Rf5 $1 {
(otherwise 20...f5!) Black's attack is insufficient despite the many possible
discovered checks.}) 19. Rf3 ({A more fitting end to the game would have been} 
19. Bxd8 Rexg3+ 20. Kf2 Rh2+ 21. Ke1 Re3+ 22. Qe2 Rexe2+ 23. Kd1 Rxd2+ 24. Kc1
c4 $1 {and mate through ...Ba3+}) 19... Rxg3+ 20. Kh1 gxf6 21. Rxg3 Bxg3 22.
Nf3 Qd7 {A prospective four pawn deficit is enough to convince Taimanov to
abandon the struggle.} 0-1

[Event "Bundesliga 0506"]
[Site "Germany"]
[Date "2005.11.12"]
[Round "3.7"]
[White "Thiede, Lars"]
[Black "Rogozenco, Dorian"]
[Result "1/2-1/2"]
[WhiteElo "2417"]
[BlackElo "2526"]
[Annotator "Rogozenco,D"]
[PlyCount "66"]
[EventDate "2005.10.21"]
[EventType "team-tourn"]
[EventRounds "15"]
[EventCountry "GER"]
[SourceTitle "CBM 110"]
[Source "ChessBase"]
[SourceDate "2006.01.31"]
[SourceVersion "1"]
[SourceVersionDate "2006.01.31"]
[SourceQuality "1"]
[WhiteTeam "Neukoelln"]
[BlackTeam "Hamburger SK"]
[WhiteTeamCountry "GER"]
[BlackTeamCountry "GER"]

1. g3 d5 2. Bg2 Nf6 3. c4 e6 4. Nf3 dxc4 5. Qc2 (5. Qa4+ c6 6. Qxc4 b5 $11)
5... c6 {An understandable desire to get the mentioned line after 5.Qa4+} (5...
c5 $142 {and Black has a comfortable position. For example:} 6. Ne5 (6. Qxc4
Nc6 (6... Nbd7) 7. d3 a6 $11) (6. Na3 Nbd7 7. Nxc4 b5 8. Nce5 Nd5 $13 (8... Bb7
$2 9. Nxf7 Kxf7 10. Ng5+ $18)) 6... Nbd7 7. Nxc4 Rb8 8. a4 b6 9. d3 Bb7 10. O-O
Bxg2 11. Kxg2 Nd5 $11) (5... Nbd7 {is of course perfectly playable as well.})
6. Ne5 $1 $146 (6. Qxc4 b5 $11) (6. a4 Na6 $5 $11) 6... Nbd7 7. Nxc4 Nb6 8. b3
$1 Nxc4 9. bxc4 $14 e5 10. Bb2 Bd6 (10... Bc5 11. O-O (11. Bxe5 $2 Bxf2+ 12.
Kxf2 Ng4+ $17) 11... O-O 12. d3 (12. Bxe5 Re8 13. Bxf6 (13. Bb2 $2 Rxe2 $17)
13... Qxf6 14. Nc3 Bd4 ({After} 14... Bf5 15. Qb3 {Black still must prove that
he has enough compensation for the pawn.}) 15. e3 Bf5 16. Qb3 Bxc3 17. Qxc3
Qxc3 18. dxc3 Bd3 (18... Rad8 19. Rfd1 Be6 (19... Bc2 20. Rd4 $16) 20. c5 $16)
(18... Be4 19. Rfd1 $16) 19. Rfd1 Bxc4 20. Rd7 Rab8 $14) 12... Re8 13. Nd2 $14)
11. d3 (11. O-O h5 $5 $13 (11... O-O)) 11... O-O 12. Nd2 Re8 13. O-O Bg4 14.
Nb3 Qd7 15. Rfd1 Bh3 16. c5 {Space advantage and the better dark-squared
bishop secure White an easier play.} Bxg2 17. Kxg2 Bc7 18. e4 $1 {After
trading light-squared bishops it is logical to play e2-e4. The attempt to find
counterplay on the kingside doesn't work for Black.} h5 19. f3 (19. h4 Rad8 $13
) 19... Nh7 20. h4 $1 {[%csl Rh7]} Qe6 21. d4 {The right moment to open up the
position.} Qg6 22. dxe5 {The simplest decision. White has a stable advantage
thanks to the soon control over the d-file.} (22. d5 cxd5 23. Rxd5 Nf8 $13)
22... Bxe5 23. Bxe5 Rxe5 24. Rd6 Re6 25. Rad1 (25. Rd7 $5 $16) 25... Nf8 26.
Na5 {[%csl Rb7]} Qf6 $1 {Black must use all the tricks to avoid a quick
disaster. Fortunately for me, the somewhat open position of White's king
allows Black to find counterplay in tactical complications.} (26... Rb8 27. Qb2
$1 $18 {[%cal Ga5c6]}) 27. R1d2 (27. Nxb7 Rb8 {[%csl Rb2][%cal Gb8b2]} 28. Rb1
Qe7 29. Rxe6 Nxe6 30. Nd6 Rxb1 31. Qxb1 Nxc5 32. Nf5 {is just slightly better
for White}) ({The most precise was} 27. f4 $1 Qe7 28. e5 $16) 27... Qe7 28. Qb2
Qc7 $1 29. Qxb7 $2 {White falls into the trap.} (29. Rxe6 Nxe6 (29... fxe6 $6)
30. Qxb7 Rd8 $1 31. Rxd8+ Qxd8 $132) (29. Nc4 $1 $14 {/+/-}) 29... Qxa5 $1 30.
Qxa8 Rxd6 31. Rxd6 Qe1 $1 $11 {The most precise. With White's king out of play
Black is just in time for perpetual.} ({Possibly} 31... Qxa2+ {works too,
since after} 32. Kf1 Qc4+ 33. Ke1 Qxc5 {Black should be out of danger as well.}
) 32. Rd8 Qe2+ 33. Kg1 Qe1+ 1/2-1/2